Регионална библиотека "Любен Каравелов" - Русе

Бахчисарайски сонети (Запис номер 51976)

MARC детайли
000 -Лидер
Контролно поле с фиксирана дължина 01328nam a2200337 c 4500
003 - Код на организацията, давaща контролен номер
Контролно поле BLK
005 - Дата и час на последна редакция
Контролно поле 20180422101621.0
008 - Елементи от данни с фиксирана дължина
fixed length control field 180408b bul|||||r ||||||| ||bul||
010 ## - Наследен системен номер
LC control number KNG00055891000
020 ## - Международен стандартен номер на книга ISBN
Международен стандартен номер на книга ISBN 954-323-002-1
-- издат.: Авангард прима
040 ## - Източник на каталожния запис
Идентификатор на билиотеката - собственик на записа BLK
041 ## - Код за език
Код за езика на текст/звукозапис или на отделно заглавие Български
Код за езика КДБФ Български
080 ## - УДК
Текстов определител УДК Българска литература
УДК код - определител по УДК 821.163.2
УДК определител -193.3
УДК - код + определител 821.163.2-193.3
100 1# - Редна дума - Автор
Автор Любенов, Любен
Авторска отговорност първи автор
Автор - информация (биография) Прангов, Любен Георгиев
R(LIN) 363992
139 ## - Редно поле
Редна дума Прангов, Любен Георгиев
Авторски знак Правилн - П 84
245 10 - Сведения за заглавието
Заглавие Бахчисарайски сонети
Редно поле (дума) * Любен Георгиев Прангов; Любен Любенов.
250 ## - Област на изданието
Сведения за изданието 2. доп. изд.
257 ## - Страна на издаване
Страна на създаване/издаване България
260 ## - Област на издателските данни
-- София
Име на издателя, разпространителя и проч. Авангард прима
Година на издаване 2004
Печатница София : Док. център Авангард
300 ## - Физическа характеристика
Страници 31 с.
Илюстрации и др. с ил., 2 л. : цв. ил.
Размери/Мащаб 18 см
380 ## - Жанр
Жанр Худож. лит.
500 ## - Общи забележки
Забележка 1. изд. 2003 на изд. БПС. - Офс. изд.
653 ## - Ключова дума – ненормативна
Ключова дума сонети
653 ## - Ключова дума – ненормативна
Ключова дума стихотворения
700 1# - Други автори (авторска отговорност)
Лично име Прангов, Любен Георгиев
Автороска отговорност (Описва отношението между автора и произведението) *
9 (RLIN) 284133
852 ## - Местоположение
Форматна сигнатура Цб І 31734
856 4# - Електронен адрес и достъп
Електронен формат pdf - файл
Път до файла /url/
856 4# - Електронен адрес и достъп
Електронен формат pdf - файл
Път до файла /url/
942 ## - АРТИКУЛИ
Вид на библиотечния материал Книги
Скрит в OPAC Не
944 ## - СЪЗДАВАНЕ И РЕДАКЦИЯ на ЗАПИСА
Създаване/Редакция Създаване
Дата на регистрацията/редакция 12.10.2005
Служител, извършил регистрацията/редакцията Геновева_Генчева
944 ## - СЪЗДАВАНЕ И РЕДАКЦИЯ на ЗАПИСА
Създаване/Редакция Редакция
Дата на регистрацията/редакция 31.10.2005
Служител, извършил регистрацията/редакцията
999 ## - СИСТЕМНИ КОНТРОЛНИ НОМЕРА
Koha biblionumber 51976
Koha biblioitemnumber 51976
Наличности
Код за отписване Код за изгубен артикул Код за повреда Коз за рестрикции Код за отдаване Артикулен № Име на библиотеката - собственик Име на библиотеката, в която се намира в момента Статус (Текущо местоположение) Дата на вписване в системата Местоположение - отдел Цена в лева Инвентарен номер Систематично азбучна сигнатура Баркод Номер на екземпляра Цена в евро Служебна бележка Служебен тип на артикула
  Не е изгубен Не е повреден без рестрикции ползва се в читалня 81944 Регионална библиотека "Любен Каравелов" Русе Регионална библиотека "Любен Каравелов" Русе Хранилище 2005-10-12 Хранилище 0.00 120000697236 Цб I 31734 120000697236 1 0.00 Дост: Dp Вид: Д N: 41 Дата: 28.09.2004 Книги
Vip Innovations Ltd, Rousse, Bulgaria 2025